Československé vnější ekonomické vztahy analytické studie

Salvato in:
Dettagli Bibliografici
Autore principale: Dyba, Karel
Natura: Libro
Lingua:ceco
Pubblicazione: Praha Academia 1980
Tags: Aggiungi Tag
Nessun Tag, puoi essere il primo ad aggiungerne!!

MARC

LEADER 00000nam a2200000 4500
001 c141526
005 20041019155322.2
041 0 |a cze 
044 |a CZ 
245 1 0 |a Československé vnější ekonomické vztahy  |b analytické studie  |c Karel Dyba 
264 1 |a Praha  |b Academia  |c 1980 
300 |a 146 s. 
100 1 |a Dyba, Karel